Komunikačné konflikty - problém či technika obchodného rokovania

Problematika konfliktov vo sfére marketingu a obchodu. Charakteristika konfliktu podľa súčasnej psychológie. Vonkajšie konflikty, vznikajúce v procese obchodného rokovania. Psychologický postup zvládnutia vzniknutého vonkajšieho konfliktu. Vnútorný konflikt, jeho odlíšenie od vonkajšieho konfliktu....

Ausführliche Beschreibung

Gespeichert in:
Bibliographische Detailangaben
1. Verfasser: Szarková, Miroslava, 1951-
Format: Buchkapitel
Sprache:Slowakisch
Schlagworte:
Tags: Tag hinzufügen
Keine Tags, Fügen Sie das erste Tag hinzu!

MARC

LEADER 00000naa a2200000 4500
001 r036951
005 20240502071333.3
041 0 |a slo 
044 |a SK 
245 1 0 |a Komunikačné konflikty - problém či technika obchodného rokovania  |c Miroslava Szarková 
520 |a Problematika konfliktov vo sfére marketingu a obchodu. Charakteristika konfliktu podľa súčasnej psychológie. Vonkajšie konflikty, vznikajúce v procese obchodného rokovania. Psychologický postup zvládnutia vzniknutého vonkajšieho konfliktu. Vnútorný konflikt, jeho odlíšenie od vonkajšieho konfliktu. Eliminácia konfliktov, posilňovanie sebaregulačných osobnostných mechanizmov. 
610 2 0 |a konflikty 
610 2 0 |a komunikácia 
610 2 0 |a typológia 
610 2 0 |a rokovania obchodné 
610 2 0 |a psychológia 
610 2 0 |a sebapoznanie 
100 1 |a Szarková, Miroslava, 1951-